| 000 | 00717nam a22001217a 4500 | ||
|---|---|---|---|
| 040 | _cRUA | ||
| 082 | _aA267 រស់ 2019 C160 Or.1 | ||
| 100 | _aរស់ សុខលៀង, | ||
| 245 | _aSUN YAT-SEN, ស៊ុន យ៉ាតសេន, បិតានៃប្រទេសចិន អ្នកដែលរៀបចំមូលដ្ឋានគ្រឺះនយោបាយនៃកាគ្រប់គ្រងទុកបានយ៉ាងល្អនិងជាអ្នកបដិវត្តផ្លាស់ប្ដូរចិនឆ្ពោះទៅរកភាពអស្ចារ្យ | ||
| 260 |
_aPHNOM PENH _bRUA _c2019 |
||
| 300 |
_a126p. _bill. _c22cm. |
||
| 942 | _cអភិវឌ្ឍន៍ | ||
| 999 |
_c25665 _d25665 |
||